| 000 | 00665nam a22001937a 4500 | ||
|---|---|---|---|
| 999 |
_c17418 _d17418 |
||
| 003 | AR-CdUCM | ||
| 008 | 190508b ||||| |||| 00| 0 spa d | ||
| 040 |
_aMUNICIPALIDAD PROVINCIAL DEL CUSCO _cBIBLIOTECA MUNICIPAL DEL CUSCO |
||
| 082 |
_a188 / _bS38 |
||
| 100 |
_aSéneca, Lucio Anneo _937420 |
||
| 245 | _aTres libros filosóficos / | ||
| 260 |
_aBuenos Aires : _bEdit. Tor, |
||
| 300 |
_a157 páginas ; _c18 cm. |
||
| 505 | _aContenido: De la bienaventurada vida -- De la tranquilidad del animo -- De la constancia del sabio. | ||
| 650 |
_aFilosofía _9395 |
||
| 700 |
_aRufino, N.A, (traductor) _937421 |
||
| 942 |
_2ddc _cLIBROS |
||
| 945 |
_aacv _d2019-05-08 |
||